[Event "Wch U12 blitz"]
[Site "Batumi"]
[Date "2023.06.11"]
[Round "8"]
[White "Zhauynbay, Aldiyar"]
[Black "Brzezina, Piotr"]
[Result "1-0"]
[WhiteElo "1790"]
[BlackElo "1819"]
[PlyCount "73"]
[EventDate "2023.06.10"]
[EventType "swiss (blitz)"]
[EventRounds "11"]
[EventCountry "GEO"]
[SourceTitle "EXT 2024"]
[Source "ChessBase"]
[SourceDate "2023.10.10"]
[SourceVersion "1"]
[SourceVersionDate "2023.10.10"]
[SourceQuality "1"]
[WhiteTeam "Kazakhstan"]
[BlackTeam "Poland"]
[WhiteTeamCountry "KAZ"]
[BlackTeamCountry "POL"]

1. d4 Nf6 2. Nf3 e6 3. c4 b6 4. g3 Bb7 5. Bg2 Be7 6. 0-0 0-0 7. Nc3 Ne4 8. Qc2 Nxc3 9. Qxc3 c5 10. dxc5 bxc5 11. Qc2 Nc6 12. b3 Bf6 13. Bb2 d6 14. Rad1 Bxb2 15. Qxb2 Qe7 16. e3 Rfd8 17. Rd2 Rd7 18. Rfd1 Rad8 19. a3 a5 20. Qc2 h6 21. h4 Qf6 22. Nh2 Qe7 23. Qc3 Ra8 24. Ng4 h5 25. Nh2 a4 26. b4 cxb4 27. axb4 Rc8 28. c5 Ne5 29. Bxb7 Rxb7 30. Rxd6 Nc6 31. Rb1 Nb8 32. Rd2 Na6 33. Rdb2 Nc7 34. e4 Nb5 35. Qf3 a3 36. Ra2 e5 37. Nf1 1-0

[Event "Wch U12 blitz"]
[Site "Batumi"]
[Date "2023.06.11"]
[Round "10"]
[White "Zhauynbay, Aldiyar"]
[Black "Dolgopolov, Egor"]
[Result "0-1"]
[WhiteElo "1790"]
[BlackElo "1627"]
[PlyCount "72"]
[EventDate "2023.06.10"]
[EventType "swiss (blitz)"]
[EventRounds "11"]
[EventCountry "GEO"]
[SourceTitle "EXT 2024"]
[Source "ChessBase"]
[SourceDate "2023.10.10"]
[SourceVersion "1"]
[SourceVersionDate "2023.10.10"]
[SourceQuality "1"]
[WhiteTeam "Kazakhstan"]
[BlackTeam "Russia"]
[WhiteTeamCountry "KAZ"]
[BlackTeamCountry "RUS"]

1. d4 d5 2. Nf3 Nf6 3. c4 e6 4. g3 c6 5. Bg2 Be7 6. 0-0 0-0 7. Nc3 b6 8. Nd2 Bb7 9. e4 dxe4 10. Ndxe4 Nbd7 11. Bf4 Nxe4 12. Nxe4 Nf6 13. Qc2 Nxe4 14. Qxe4 Bf6 15. Rad1 Qe7 16. c5 Rfe8 17. Bd6 Qd7 18. b4 b5 19. f4 Be7 20. Bxe7 Qxe7 21. f5 exf5 22. Qxf5 Rad8 23. h4 Qc7 24. Kh2 Bc8 25. Qf3 Re6 26. h5 h6 27. Qc3 Re2 28. Qd3 Rxa2 29. Qf3 Qd7 30. Kg1 Qe6 31. Qxc6 Qe3+ 32. Kh2 Qe2 33. Rde1 Qxh5+ 34. Kg1 Be6 35. Qe4 Bd5 36. Bf3 Qh2# 0-1

[Event "Wch U12 rapid"]
[Site "Batumi"]
[Date "2023.06.08"]
[Round "8"]
[White "Zhauynbay, Aldiyar"]
[Black "Meirkhanuly, Akylzhan"]
[Result "0-1"]
[WhiteElo "1816"]
[BlackElo "1500"]
[PlyCount "98"]
[EventDate "2023.06.06"]
[EventType "swiss (rapid)"]
[EventRounds "11"]
[EventCountry "GEO"]
[SourceTitle "EXT 2024"]
[Source "ChessBase"]
[SourceDate "2023.10.10"]
[SourceVersion "1"]
[SourceVersionDate "2023.10.10"]
[SourceQuality "1"]
[WhiteTeam "Kazakhstan"]
[BlackTeam "Kazakhstan"]
[WhiteTeamCountry "KAZ"]
[BlackTeamCountry "KAZ"]

1. e4 e5 2. Nf3 Nc6 3. Bc4 Bc5 4. c3 Nf6 5. d3 d6 6. b4 Bb6 7. 0-0 0-0 8. a4 a6 9. Re1 Be6 10. Bxe6 fxe6 11. h3 h6 12. Nbd2 Ba7 13. Qb3 Qd7 14. Bb2 Nh5 15. d4 Nf4 16. Re3 exd4 17. cxd4 Kh8 18. Nc4 e5 19. Rd1 b5 20. axb5 axb5 21. Na3 Nxd4 22. Nxd4 exd4 23. Bxd4 Bxd4 24. Rxd4 Qe8 25. Qc2 c5 26. Rxd6 cxb4 27. Nb1 Qe5 28. Rd1 Rfc8 29. Qd2 Rd8 30. Qxd8+ Rxd8 31. Rxd8+ Kh7 32. Rd2 b3 33. g3 Nxh3+ 34. Kg2 Ng5 35. f4 Qc5 36. Rc3 Qb4 37. Re3 Nxe4 38. Rb2 Nc5 39. Kf3 Qd4 40. Rd2 Qc4 41. Na3 Qc1 42. Rd5 Qxa3 43. Ree5 b2+ 44. Re3 Qa2 45. Rxc5 b1Q 46. Ree5 Qd1+ 47. Ke4 Qab1+ 48. Ke3 Qbd3+ 49. Kf2 Q3f3# 0-1

[Event "Wch U12 rapid"]
[Site "Batumi"]
[Date "2023.06.07"]
[Round "4"]
[White "Zhauynbay, Aldiyar"]
[Black "Kviriashvili, Andria"]
[Result "1-0"]
[WhiteElo "1816"]
[BlackElo "1516"]
[PlyCount "65"]
[EventDate "2023.06.06"]
[EventType "swiss (rapid)"]
[EventRounds "11"]
[EventCountry "GEO"]
[SourceTitle "EXT 2024"]
[Source "ChessBase"]
[SourceDate "2023.10.10"]
[SourceVersion "1"]
[SourceVersionDate "2023.10.10"]
[SourceQuality "1"]
[WhiteTeam "Kazakhstan"]
[BlackTeam "Georgia"]
[WhiteTeamCountry "KAZ"]
[BlackTeamCountry "GEO"]

1. e4 e6 2. d4 d5 3. e5 c5 4. c3 Nc6 5. Nf3 Qb6 6. a3 Bd7 7. b4 cxd4 8. cxd4 Rc8 9. Bb2 Na5 10. Nbd2 Nc4 11. Bxc4 dxc4 12. Rc1 Qa6 13. 0-0 Ne7 14. Ne4 Nd5 15. Nc5 Bxc5 16. dxc5 b5 17. Ng5 0-0 18. Ne4 Rcd8 19. Qg4 Kh8 20. Qh4 Kg8 21. Rcd1 Bc6 22. Rd4 Ba8 23. f3 Qa4 24. Qg5 Kh8 25. Nd6 Rd7 26. Rg4 g6 27. Qh6 Rfd8 28. Rh4 f5 29. exf6 c3 30. f7 Nf6 31. f8Q+ Rxf8 32. Qxf8+ Ng8 33. Bxc3+ 1-0

[Event "Wch U12"]
[Site "Batumi"]
[Date "2022.09.17"]
[Round "2"]
[White "Zhauynbay, Aldiyar"]
[Black "Goutham Krishna, H."]
[Result "0-1"]
[WhiteElo "1658"]
[BlackElo "1940"]
[PlyCount "200"]
[EventDate "2022.09.16"]
[EventType "swiss"]
[EventRounds "11"]
[EventCountry "GEO"]
[SourceTitle "EXT 2023"]
[Source "ChessBase"]
[SourceDate "2022.10.05"]
[SourceVersion "1"]
[SourceVersionDate "2022.10.05"]
[SourceQuality "1"]

1. d4 Nf6 2. c4 g6 3. g3 Bg7 4. Bg2 0-0 5. Nc3 d6 6. Nf3 Nbd7 7. 0-0 e5 8. e4 Re8 9. h3 c6 10. Be3 Qc7 11. Re1 a5 12. Qc2 exd4 13. Nxd4 Nc5 14. Rad1 a4 15. f4 Qa5 16. Bf2 Qb4 17. a3 Qa5 18. g4 h5 19. g5 Nfd7 20. Nf3 Nb6 21. Na2 Be6 22. Bf1 Rad8 23. f5 Bc8 24. Nh4 Nb3 25. Kh1 Nd7 26. Rxd6 Qe5 27. Red1 Bf8 28. R6d3 Qxe4+ 29. Bg2 Qe2 30. Qxe2 Rxe2 31. Bb6 Rde8 32. Rxd7 Bxd7 33. Rxd7 Rxb2 34. Nc3 Rd2 35. Rxb7 gxf5 36. Nxf5 Re1+ 37. Kh2 Re5 38. Ng3 Bd6 39. Bc7 h4 40. Rb8+ Kh7 41. Bxd6 hxg3+ 42. Kxg3 Rxg5+ 43. Kf4 Rgxg2 44. Ne4 Rd1 45. Be5 Rf1+ 46. Ke3 Rgg1 47. Rh8+ Kg6 48. Ng3 Re1+ 49. Kf2 f6 50. Bc3 Rb1 51. Rf8 Rgc1 52. Rxf6+ Kh7 53. Be5 Rc2+ 54. Kf3 Nd2+ 55. Kg4 Nxc4 56. Bf4 Rb5 57. Nf5 Rg2+ 58. Kf3 Rg6 59. Rf8 Ne5+ 60. Ke4 Nc4 61. Rf7+ Kg8 62. Re7 Rf6 63. Nd4 Rh5 64. Ra7 c5 65. Nf3 Re6+ 66. Kd3 Rxh3 67. Kxc4 Rxf3 68. Kd5 Re8 69. Bc1 Rc3 70. Bb2 Rb3 71. Bc1 Re1 72. Bf4 Rxa3 73. Kxc5 Rb1 74. Kc4 Ra2 75. Bd6 Rc2+ 76. Kd3 Rg2 77. Bc5 Rg4 78. Kc2 Rb5 79. Bd6 Rf5 80. Ra8+ Kf7 81. Rf8+ Ke6 82. Rxf5 Kxf5 83. Kb2 Ke6 84. Bf8 Kd5 85. Ka3 Kc6 86. Be7 Kb5 87. Bf8 Rg3+ 88. Ka2 Kc4 89. Be7 Rf3 90. Bd6 Rf7 91. Ka3 Kb5 92. Ka2 Rd7 93. Bf8 Rd3 94. Be7 Rc3 95. Bf8 a3 96. Bxa3 Ka4 97. Bb2 Rc2 98. Kb1 Kb3 99. Bg7 Rg2 100. Bd4 Rd2 0-1

[Event "Aktobe U14 op"]
[Site "Aqtobe"]
[Date "2022.06.20"]
[Round "9"]
[White "Meirkhanuly, Akylzhan"]
[Black "Zhauynbay, Aldiyar"]
[Result "1/2-1/2"]
[WhiteElo "1412"]
[BlackElo "1615"]
[PlyCount "32"]
[EventDate "2022.06.14"]
[EventType "swiss"]
[EventRounds "9"]
[EventCountry "KAZ"]
[SourceTitle "EXT 2023"]
[Source "ChessBase"]
[SourceDate "2022.10.05"]
[SourceVersion "1"]
[SourceVersionDate "2022.10.05"]
[SourceQuality "1"]

1. e4 c5 2. Nf3 e6 3. d4 cxd4 4. Nxd4 a6 5. Nc3 Qc7 6. a3 b5 7. Be3 Nf6 8. Be2 Bb7 9. Bf3 d6 10. 0-0 Nbd7 11. g3 Nc5 12. Re1 Ncxe4 13. Nxe4 Bxe4 14. Bg5 Qb7 15. Bxe4 Nxe4 16. Qg4 Nc5 1/2-1/2

[Event "Aktobe U14 op"]
[Site "Aqtobe"]
[Date "2022.06.18"]
[Round "7"]
[White "Kaliakhmet, Elsultan"]
[Black "Zhauynbay, Aldiyar"]
[Result "0-1"]
[WhiteElo "1446"]
[BlackElo "1615"]
[PlyCount "94"]
[EventDate "2022.06.14"]
[EventType "swiss"]
[EventRounds "9"]
[EventCountry "KAZ"]
[SourceTitle "EXT 2023"]
[Source "ChessBase"]
[SourceDate "2022.10.05"]
[SourceVersion "1"]
[SourceVersionDate "2022.10.05"]
[SourceQuality "1"]

1. e4 c6 2. d4 d5 3. e5 Bf5 4. h4 h5 5. c4 e6 6. Nc3 dxc4 7. Bxc4 Ne7 8. Bg5 Qb6 9. Qd2 Nd5 10. Bxd5 cxd5 11. Nge2 Nc6 12. 0-0 Na5 13. Na4 Qb4 14. b3 Qxd2 15. Bxd2 Nc6 16. Bc3 Bd3 17. Rfe1 b5 18. Nc5 Bxc5 19. dxc5 Bxe2 20. Rxe2 0-0-0 21. b4 d4 22. Bd2 Kb7 23. a3 Rd5 24. f4 Re8 25. a4 a6 26. axb5 axb5 27. Be1 Ra8 28. Rxa8 Kxa8 29. Bd2 Rd7 30. Re1 Ra7 31. Rd1 Ra2 32. Be1 Rc2 33. g3 Kb7 34. Rb1 Ne7 35. Ra1 Nf5 36. Bf2 Rb2 37. Be1 Ne3 38. Kh1 d3 39. Bc3 Rc2 40. Bd4 Nf5 41. c6+ Kxc6 42. Bc5 d2 43. Ra6+ Kd5 44. Bg1 Nxg3+ 45. Kh2 d1Q+ 46. Bf2 Rxf2+ 47. Kxg3 Qf3# 0-1

[Event "Wch U12 blitz"]
[Site "Rhodes"]
[Date "2022.05.03"]
[Round "9"]
[White "Mompel Ferruz, Xavier"]
[Black "Zhauynbay, Aldiyar"]
[Result "0-1"]
[WhiteElo "1560"]
[BlackElo "1434"]
[PlyCount "114"]
[EventDate "2022.05.03"]
[EventType "swiss (blitz)"]
[EventRounds "9"]
[EventCountry "GRE"]
[SourceTitle "CBM 208 Extra"]
[Source "ChessBase"]
[SourceDate "2022.07.31"]
[SourceVersion "1"]
[SourceVersionDate "2022.07.31"]
[SourceQuality "1"]

1. e4 c5 2. Nf3 e6 3. d4 cxd4 4. Nxd4 a6 5. Nc3 Qc7 6. g3 Nf6 7. Bg2 d6 8. 0-0 Be7 9. Re1 0-0 10. Be3 Nbd7 11. a4 Rb8 12. a5 Ne5 13. h3 Nc4 14. Bc1 Nxa5 15. Qe2 Nc4 16. b3 Ne5 17. Bb2 b5 18. f4 Ned7 19. g4 Qb6 20. Qf2 e5 21. Nf5 Qxf2+ 22. Kxf2 Re8 23. g5 Nh5 24. Nd5 Bf8 25. Nc7 Rd8 26. fxe5 Nxe5 27. Nxa6 Bxa6 28. Rxa6 g6 29. Ne3 Nf4 30. Nd5 Nxd5 31. exd5 Bg7 32. Kg3 Ra8 33. Rea1 Rac8 34. Rc1 Nd3 35. cxd3 Bxb2 36. Rcc6 Ra8 37. Be4 Rxa6 38. Rxa6 Rc8 39. Rc6 Ra8 40. Kf3 Be5 41. Rb6 Ra1 42. Rxb5 Rh1 43. Kg4 Rg1+ 44. Kf3 Rg3+ 45. Ke2 Rxh3 46. b4 Rh2+ 47. Ke3 Rb2 48. Rb8+ Kg7 49. b5 f5 50. gxf6+ Kxf6 51. b6 Kg7 52. b7 h5 53. Kf3 g5 54. Bf5 g4+ 55. Ke3 g3 56. Bc8 g2 57. Ra8 g1Q+ 0-1

[Event "Wch U12 blitz"]
[Site "Rhodes"]
[Date "2022.05.03"]
[Round "4"]
[White "Zhauynbay, Aldiyar"]
[Black "Mamedov, Edgar"]
[Result "0-1"]
[WhiteElo "1434"]
[BlackElo "2027"]
[PlyCount "116"]
[EventDate "2022.05.03"]
[EventType "swiss (blitz)"]
[EventRounds "9"]
[EventCountry "GRE"]
[SourceTitle "CBM 208 Extra"]
[Source "ChessBase"]
[SourceDate "2022.07.31"]
[SourceVersion "1"]
[SourceVersionDate "2022.07.31"]
[SourceQuality "1"]

1. e4 c6 2. Nc3 d5 3. Qf3 dxe4 4. Nxe4 Nd7 5. d4 Ngf6 6. Bc4 e6 7. Ne2 Be7 8. Bg5 Nxe4 9. Bxe7 Qxe7 10. Qxe4 Qb4+ 11. c3 Qxc4 12. 0-0 Nf6 13. Qf3 Qd5 14. Qg3 0-0 15. Rfe1 h6 16. Nf4 Qg5 17. Qf3 Qg4 18. Qe3 Nd5 19. Nxd5 exd5 20. h3 Qg6 21. Kh2 Qd6+ 22. Kh1 Be6 23. Qd2 Rfe8 24. Re3 Bd7 25. Rg3 Re6 26. Rf1 Rae8 27. f4 Re2 28. Qd3 f5 29. Qf3 Kh7 30. Qh5 g6 31. Qf3 Qe6 32. Qd3 Qe4 33. Qd1 Qc2 34. Qxc2 Rxc2 35. b4 Rxa2 36. h4 h5 37. Kh2 Ree2 38. Rff3 Kg7 39. Rg5 Kf6 40. Rgg3 b6 41. Re3 Rxe3 42. Rxe3 a5 43. bxa5 bxa5 44. Re1 a4 45. Rc1 a3 46. Rd1 Rb2 47. Ra1 a2 48. Kh3 Bc8 49. Kh2 Ba6 50. Kg3 Bc4 51. Kh3 Rb1 52. g4 fxg4+ 53. Kg3 Rxa1 54. f5 Bd3 55. c4 Rg1+ 56. Kf4 gxf5 57. c5 a1Q 58. Ke3 Qc1+ 0-1